Bài giảng công nghệ khai thác và bảo vệ nguồn lợi hải sản

সংরক্ষণ করুন:
গ্রন্থ-পঞ্জীর বিবরন
প্রধান লেখক: Lê Xuân Tài
বিন্যাস: গ্রন্থ
ভাষা:Undetermined
প্রকাশিত: Nha Trang Trường Đại học Thuỷ sản 2001
বিষয়গুলি:
ট্যাগগুলো: ট্যাগ যুক্ত করুন
কোনো ট্যাগ নেই, প্রথমজন হিসাবে ট্যাগ করুন!
Thư viện lưu trữ: Trung tâm Học liệu Trường Đại học Cần Thơ
LEADER 00554nam a2200181Ia 4500
001 CTU_66612
008 210402s9999 xx 000 0 und d
082 |a 639.22 
082 |b T103 
100 |a Lê Xuân Tài 
245 0 |a Bài giảng công nghệ khai thác và bảo vệ nguồn lợi hải sản 
245 0 |c Lê Xuân Tài 
260 |a Nha Trang 
260 |b Trường Đại học Thuỷ sản 
260 |c 2001 
650 |a fishing nets 
904 |i Truc 
980 |a Trung tâm Học liệu Trường Đại học Cần Thơ